Encyclopaedia Beliana. Slovenská všeobecná encyklopédia v dvanástich zväzkoch : Siedmy zväzok In-Kalg

Salvato in:
Dettagli Bibliografici
Natura: Libro
Lingua:slovacco
Pubblicazione: Bratislava : Encyklopedický ústav SAV, 2013
Edizione:1. vyd.
Soggetti:
Tags: Aggiungi Tag
Nessun Tag, puoi essere il primo ad aggiungerne!!

MARC

LEADER 00000nam a22000003a 4500
001 stu278742
005 20220317185414.5
008 131127s--------xo------------------slo-d
020 |a 978-80-970350-1-3 
040 |a STU  |b slo 
041 0 |a slo 
044 |a xo 
080 |a 03  |7 stu_us_auth*stu8317 
245 |a Encyclopaedia Beliana. Slovenská všeobecná encyklopédia v dvanástich zväzkoch :  |b Siedmy zväzok In-Kalg 
250 |a 1. vyd. 
260 |a Bratislava :  |b Encyklopedický ústav SAV,  |c 2013 
300 |a 682 s 
650 7 |a encyklopédie všeobecné  |2 stusub 
996 |b 284EK89254  |c E*89254  |l EE0101  |s P  |a 0  |w stu278742_0001 
996 |b 284M085789  |c M*10278/7-1  |l MMST  |s P  |a 0  |w stu278742_0002